| 000 | 01804nam a22002777a 4500 | ||
|---|---|---|---|
| 003 | UA-OsUOA | ||
| 001 | 112245 | ||
| 007 | ta | ||
| 008 | 20150625b un ||||| |||| 00| 0 ukr d | ||
| 100 | _aАндрющенко Т. К. | ||
| 090 |
_a373.2:613.954 _bА66 |
||
| 942 | _cBK | ||
| 040 |
_aUA-OsUOA _bukr _cUA-OsUOA _dUA-OsUOA |
||
| 245 |
_aФормування здоров'язбережувальної компетентності у дітей дошкільного віку _bмонографія |
||
| 300 | _a384 с. | ||
| 955 | _a1 | ||
| 041 | _aukr | ||
| 080 | _a373.2:613.954 | ||
| 020 | _a978-617-525-136-2 | ||
| 520 | 3 | _aЗміст1. Теоретико-методологічні засади формування здоров'язбережувальної компетентності у дітей дошкільного віку2. Дослідження формування здоров'язбережувальної компетентності у дітей дошкільного віку в сучасних дошкільних навчальних закладах3. М | |
| 520 | 3 | _aетодичні основи формування здоров'язбережувальної компетентності у дітей дошкільного віку 4. Реалізація моделі та експериментальної методики формування здоров'язбережувальної компетентності у дітей дошкільного віку в сучасних дошкільних навчальних з | |
| 520 | 3 | _aакладах | |
| 260 |
_aУмань _bЖовитй О. О. _c2014 |
||
| 650 | 7 |
_a373.2 Форми дошкільної освіти і виховання _2UDC |
|
| 999 |
_c398586 _d398586 |
||